| 000 | 00342nam a2200121Ia 4500 | ||
|---|---|---|---|
| 008 | 151021s9999 xx 000 0 und d | ||
| 020 | _a9.7899662554e+012 | ||
| 050 | _aPR 9381.9.K33K65 2010 | ||
| 245 | _a_The Red Coat / Emmanuel Kariuki | ||
| 260 | _aNairobi : E.A.E.P., 2010 | ||
| 300 | _ax,174 p. | ||
| 980 | _a^d20150603 10:05:40^okorir | ||
| 999 |
_c14449 _d14449 |
||